Polskie województwa i stolice - Statystyki

Ogólne statystyki
  • Ten quiz został rozwiązany 532 razy
  • Średni wynik to 31 z 34
Statystyki odpowiedzi
Odpowiedź % Poprawnych
Warszawa
97%
małopolskie
96%
mazowieckie
96%
pomorskie
96%
Gdańsk
95%
śląskie
95%
wielkopolskie
95%
Lublin
94%
dolnośląskie
94%
Kraków
94%
lubelskie
94%
lubuskie
94%
Poznań
93%
zachodniopomorskie
93%
opolskie
92%
Szczecin
92%
Wrocław
92%
kujawsko-pomorskie
91%
Łódź
91%
Opole
91%
warmińsko-mazurskie
90%
Katowice
90%
łódzkie
90%
podlaskie
90%
Białystok
89%
Bydgoszcz
89%
podkarpackie
89%
Toruń
89%
Rzeszów
86%
świętokrzyskie
86%
Zielona Góra
86%
Olsztyn
84%
Kielce
81%
Gorzów Wielkopolski
77%
Nie znaleziono quizów pasujących do podanych kryteriów
Rozkład punktacji
Procent ludzi z każdym wynikiem
Percentyl według liczby udzielonych odpowiedzi
Twoja historia wyników
Nie rozwiązałeś tego quizu